[Event "Quebec Montcalm op 2 2011-12"]
[Site "Quebec"]
[Date "2011.11.10"]
[Round "5"]
[White "Arcand, Christian"]
[Black "Ripoll, Arthur"]
[Result "0-1"]
[WhiteElo "1219"]
[BlackElo "1481"]
[PlyCount "108"]
[EventDate "2011.10.13"]
[EventType "swiss"]
[EventRounds "5"]
[EventCountry "CAN"]
[SourceTitle "EXT 2022"]
[Source "ChessBase"]
[SourceDate "2021.10.06"]
[SourceVersion "1"]
[SourceVersionDate "2021.10.06"]
[SourceQuality "1"]

1. d4 e5 2. dxe5 Nc6 3. Nf3 Qe7 4. Bg5 Qb4+ 5. Bd2 Qxb2 6. Bc3 Bb4 7. e4 Bxc3+ 8. Nxc3 Qxc3+ 9. Nd2 Nxe5 10. Be2 Ne7 11. 0-0 0-0 12. Rb1 d5 13. Rb3 Qd4 14. Re3 dxe4 15. Rxe4 Qd6 16. Qa1 Qxd2 17. Qxe5 Nc6 18. Qc5 Be6 19. Rd1 Qa5 20. Qe3 Qxa2 21. Qc3 Rad8 22. Ra1 Qd5 23. Bf3 Qg5 24. Re3 Bd5 25. Rae1 Bxf3 26. Rxf3 Qd2 27. Qa1 Rfe8 28. Rfe3 Rxe3 29. fxe3 Qxc2 30. Rc1 Qe4 31. Qc3 Rd3 32. Qc5 Qxe3+ 33. Qxe3 Rxe3 34. Rd1 Re7 35. Kf2 Kf8 36. Kf3 Ke8 37. Kf4 Re6 38. g4 Ke7 39. h4 f6 40. Rd5 h6 41. h5 a5 42. Rd3 Rd6 43. Re3+ Ne5 44. Rg3 Ke6 45. Ke4 c5 46. Ra3 Rd4+ 47. Ke3 Rd3+ 48. Rxd3 Nxd3 49. Kxd3 Kd5 50. Ke3 Ke5 51. Kd3 Kf4 52. Kc4 b6 53. Kb5 Kxg4 54. Kxb6 c4 0-1

[Event "Quebec Montcalm op 7 2009-10"]
[Site "Quebec"]
[Date "2010.04.29"]
[Round "1"]
[White "Bourassa, Andre"]
[Black "Arcand, Christian"]
[Result "1-0"]
[WhiteElo "1760"]
[BlackElo "1112"]
[PlyCount "87"]
[EventDate "2010.04.29"]
[EventType "swiss"]
[EventRounds "5"]
[EventCountry "CAN"]
[SourceTitle "EXT 2022"]
[Source "ChessBase"]
[SourceDate "2021.10.06"]
[SourceVersion "1"]
[SourceVersionDate "2021.10.06"]
[SourceQuality "1"]

1. d4 d5 2. c4 e5 3. cxd5 Qxd5 4. Nf3 Bb4+ 5. Nc3 e4 6. Qa4+ Nc6 7. Qxb4 Nxb4 8. Nxd5 Nxd5 9. Ne5 Nb4 10. Kd1 Be6 11. e3 f6 12. Nc4 Nd3 13. Bxd3 exd3 14. Nd2 Ne7 15. b3 Nd5 16. Bb2 Nb4 17. Nc4 Rd8 18. Kd2 b5 19. Na3 a6 20. Bc3 c5 21. dxc5 Nd5 22. Bd4 Bf5 23. f3 Nf4 24. g4 Bg6 25. Bxf6 gxf6 26. exf4 0-0 27. Rhe1 Bf7 28. Re3 b4 29. Nc4 Bxc4 30. bxc4 Rd4 31. Re4 Rfd8 32. Rae1 Rxe4 33. Rxe4 a5 34. c6 Rc8 35. Re6 a4 36. Kxd3 Rd8+ 37. Kc2 Rd4 38. Re4 b3+ 39. axb3 Rd6 40. c7 Rc6 41. Re8+ Kf7 42. c8Q axb3+ 43. Kxb3 Rb6+ 44. Kc3 1-0